Statistics for 22 languages of India

Click here to take the quiz!

General Stats

  • This quiz has been taken 161 times
  • The average score is 15 of 22

Answer Stats

Indian Language 🇮🇳% Correct
Hindi
96%
Tamil
95%
Bengali
89%
Gujarati
89%
Punjabi
88%
Telugu
88%
Kannada
83%
Marathi
82%
Urdu
82%
Assamese
79%
Malayalam
77%
Nepali
70%
Kashmiri
61%
Oriya
60%
Sanskrit
58%
Sindhi
51%
Konkani
48%
Maithili
45%
Dogri
36%
Bodo
35%
Manipuri
32%
Santhali
16%

Score Distribution

Percentile by Number Answered

Percent of People with Each Score

Your Score History

You have not taken this quiz